Comerce exterieur et develppement de la petite nation

Enregistré dans:
Détails bibliographiques
Auteur principal: Basile, Antoine
Format: Livre
Langue:Undetermined
Publié: Paris Universite Libanaise 1972
Sujets:
Tags: Ajouter un tag
Pas de tags, Soyez le premier à ajouter un tag!
Thư viện lưu trữ: Trung tâm Học liệu Trường Đại học Cần Thơ
LEADER 00499nam a2200169Ia 4500
001 CTU_79577
008 210402s9999 xx 000 0 und d
082 |a 380.1 
082 |b B311 
100 |a Basile, Antoine 
245 0 |a Comerce exterieur et develppement de la petite nation 
245 0 |c Antoine Basile 
260 |a Paris 
260 |b Universite Libanaise 
260 |c 1972 
650 |a Commerce,International economic relations 
980 |a Trung tâm Học liệu Trường Đại học Cần Thơ